| 000 | 00745nam a22002177a 4500 | ||
|---|---|---|---|
| 003 | koha_MIRAKIL | ||
| 005 | 20260414094617.0 | ||
| 008 | 260414b tur||||| |||| 00| 0 tur d | ||
| 020 | _a9789944698313 | ||
| 040 |
_aTR-IsEVY _btur _cTR-IsEVY |
||
| 082 | _aFIC MAI/A | ||
| 100 | _aMai, Manfred | ||
| 245 | 0 |
_aAynı çatı altında : _bküçük yıldızlar okuma seviyesi 2 / _cManfred Mai, Martin Lenz ; resimleyen Iris Hardt. |
|
| 260 |
_aİzmir : _bTudem, _c2022. |
||
| 300 |
_a63 s. : _brenkli resimli ; _c21 cm. |
||
| 490 | 0 |
_aKüçük yıldızlar okuma seviyesi ; _v2. |
|
| 650 |
_aÇocuk Edebiyatı. _vÇocuk Hikayeleri. _vResimli Kitaplar. |
||
| 700 | 1 |
_aLenz, Martin. _cyazar. |
|
| 700 | 1 |
_aHardt, Iris. _cresimleyen. |
|
| 942 |
_2ddc _cBK |
||
| 999 |
_c23454 _d23454 |
||